The Preparation of Programs for an Electronic Digital Computer (Record no. 543556)
[ view plain ]
| 000 -LEADER | |
|---|---|
| fixed length control field | 00619nam a22001937a 4500 |
| 082 ## - DEWEY DECIMAL CLASSIFICATION NUMBER | |
| Classification number | 510.0052 |
| Author Mark | WIL |
| -- | L-10, P-53 |
| 100 ## - MAIN ENTRY--PERSONAL NAME | |
| Personal name | Wilkes, Maurice V. |
| 9 (RLIN) | 38951 |
| 245 ## - TITLE STATEMENT | |
| Title | The Preparation of Programs for an Electronic Digital Computer |
| 250 ## - EDITION STATEMENT | |
| Edition statement | 2nd |
| 260 ## - PUBLICATION, DISTRIBUTION, ETC. | |
| Place of publication, distribution, etc. | USA |
| Name of publisher, distributor, etc. | Addison-Welsey-Publishig Company, Inc. |
| Date of publication, distribution, etc. | 1957 |
| 300 ## - PHYSICAL DESCRIPTION | |
| Extent | xiv, p-238 |
| 526 ## - STUDY PROGRAM INFORMATION NOTE | |
| Program name | 0 |
| Interest level | 0 |
| Reading level | 0 |
| Title point value | 510_005200000000000_WIL |
| 526 ## - STUDY PROGRAM INFORMATION NOTE | |
| Program name | 0 |
| Interest level | 0 |
| Reading level | 0 |
| Title point value | 510_005200000000000_WIL |
| 526 ## - STUDY PROGRAM INFORMATION NOTE | |
| Program name | 0 |
| Interest level | 0 |
| Reading level | 0 |
| Title point value | 510_005200000000000_WIL |
| 526 ## - STUDY PROGRAM INFORMATION NOTE | |
| Program name | 0 |
| Interest level | 0 |
| Reading level | 0 |
| Title point value | 510_005200000000000_WIL |
| 650 ## - SUBJECT ADDED ENTRY--TOPICAL TERM | |
| Topical term or geographic name entry element | MCE |
| 9 (RLIN) | 379 |
| 700 ## - ADDED ENTRY--PERSONAL NAME | |
| Personal name | Maurice V. Wilkes |
| 9 (RLIN) | 38952 |
| 942 ## - ADDED ENTRY ELEMENTS (KOHA) | |
| Source of classification or shelving scheme | |
| Koha item type | Book |
| Withdrawn status | Lost status | Source of classification or shelving scheme | Damaged status | Not for loan | Permanent Location | Current Location | Date acquired | Total Checkouts | Full call number | Barcode | Date last seen | Date last checked out | Copy number | Price effective from | Koha item type |
|---|---|---|---|---|---|---|---|---|---|---|---|---|---|---|---|
| Military College of Engineering (MCE) | Military College of Engineering (MCE) | 03/26/2014 | 1 | 510.0052 WIL | MCE-2497 | 06/04/2016 | 06/04/2016 | 4 | 03/14/2021 | Book | |||||
| Military College of Engineering (MCE) | Military College of Engineering (MCE) | 03/27/2014 | 510.0052 WIL | MCE-2592/1 | 03/27/2014 | 03/27/2014 | Book | ||||||||
| Military College of Engineering (MCE) | Military College of Engineering (MCE) | 03/27/2014 | 510.0052 WIL | MCE-2592 | 03/27/2014 | 03/27/2014 | Book | ||||||||
| Military College of Engineering (MCE) | Military College of Engineering (MCE) | 03/27/2014 | 510.0052 WIL | MCE-789 | 03/27/2014 | 03/27/2014 | Book |
